Salsa.
Guardado en:
| Formato: | |
|---|---|
| Materias: | |
| Etiquetas: |
Agregar Etiqueta
Sin Etiquetas, Sea el primero en etiquetar este registro!
|
| LEADER | 00906ngm a22002655g 4500 | ||
|---|---|---|---|
| 001 | CEM.cems022358 | ||
| 008 | 130507b1998##################0###0#####d | ||
| 005 | 20241029165009.0 | ||
| 245 | 0 | 0 | |a Salsa. |
| 300 | |a 29'. | ||
| 500 | |a En soporte VHS, consultar en ventanilla. | ||
| 505 | 0 | |a Orígenes de la Salsa. En Cuba y en el Caribe. Beny Moré y su influencia en la música cubana. Grupos en la actualidad. Colombia: significado de la Salsa en Cali. | |
| 538 | |a Soporte: VHS - Norma: Pal N - Color: Si - Grabación DRD 1998 - Hitachi=1575 | ||
| 082 | 7 | 8 | |/ TRA |
| 653 | |a MUSICA | ||
| 653 | |a MUSICA TROPICAL | ||
| 653 | |a SALSA | ||
| 653 | |a CUBA-MUSICA | ||
| 653 | |a COLOMBIA-MUSICA | ||
| 653 | |a CALI-MUSICA | ||
| 653 | |a CARIBE-MUSICA | ||
| 653 | |a MORE, BENY | ||
| 653 | |a NIVEL PRIMARIO | ||
| 653 | |a NIVEL SECUNDARIO | ||
| 859 | |a CEMS |b BIB. CEMS - Depto. Recursos Didacticos |h 782 |i TRA |k DRD |p 1001.12 |t Ej.1 | ||
